[Event "Teteven op 32nd"]
[Site "Teteven"]
[Date "2018.08.17"]
[Round "7"]
[White "Doykov, Stoycho"]
[Black "Ozgur, Algan"]
[Result "1-0"]
[WhiteElo "1784"]
[BlackElo "1340"]
[PlyCount "87"]
[EventDate "2018.08.11"]
[EventType "swiss"]
[EventRounds "9"]
[EventCountry "BUL"]
[SourceTitle "CBM 186 Extra"]
[Source "ChessBase"]
[SourceDate "2018.08.24"]
[SourceVersion "1"]
[SourceVersionDate "2018.08.24"]
[SourceQuality "1"]

1. e4 c5 2. Nf3 g6 3. d4 cxd4 4. Qxd4 Nf6 5. e5 Nc6 6. Qd1 Ng4 7. Bc4 e6 8. Qe2 Bg7 9. 0-0 Ncxe5 10. Nxe5 Nxe5 11. Bb3 0-0 12. Bf4 Nc6 13. c3 d5 14. Na3 a6 15. Rad1 b5 16. Nc2 Qb6 17. Be3 Qc7 18. Bc5 Rd8 19. Qe3 Qe5 20. Qf3 Qc7 21. Qe3 Rb8 22. Rfe1 Na5 23. h3 Nc4 24. Bxc4 bxc4 25. Rb1 Rb5 26. Bd4 Qb7 27. Qc1 Bd7 28. Re2 Bxd4 29. Nxd4 Rb6 30. f4 Re8 31. Qe1 Qb8 32. Qf2 e5 33. fxe5 Rxe5 34. Rf1 f5 35. Rxe5 Qxe5 36. Nxf5 Rf6 37. Ne7+ Kg7 38. Qxf6+ Qxf6 39. Rxf6 Kxf6 40. Nxd5+ Ke5 41. Nb6 Be6 42. Kf2 Ke4 43. Na4 Kd3 44. Nc5+ 1-0

[Event "Teteven op 32nd"]
[Site "Teteven"]
[Date "2018.08.11"]
[Round "1"]
[White "Doykov, Stoycho"]
[Black "Galunov, Todor"]
[Result "0-1"]
[WhiteElo "1784"]
[BlackElo "2314"]
[PlyCount "52"]
[EventDate "2018.08.11"]
[EventType "swiss"]
[EventRounds "9"]
[EventCountry "BUL"]
[SourceTitle "CBM 186 Extra"]
[Source "ChessBase"]
[SourceDate "2018.08.24"]
[SourceVersion "1"]
[SourceVersionDate "2018.08.24"]
[SourceQuality "1"]

1. d4 Nf6 2. c4 g6 3. Nc3 Bg7 4. e4 d6 5. f3 0-0 6. Be3 Nc6 7. Bd3 e5 8. d5 Nd4 9. Nge2 Nd7 10. 0-0 c5 11. Qd2 f5 12. f4 exf4 13. Nxf4 Ne5 14. Bxd4 cxd4 15. Nb5 fxe4 16. Bxe4 Nxc4 17. Qe2 Ne3 18. Rf2 a6 19. Na3 Bg4 20. Qd3 Be5 21. g3 Qg5 22. Nc2 Nxc2 23. Qxc2 Bxf4 24. Rxf4 Rxf4 25. gxf4 Qxf4 26. Qg2 Re8 0-1